[Event "C.to Regionale Liguria"]
[Site "Spotorno ITA"]
[Date "2011.04.15"]
[Round "1"]
[White "Atteo, Domenico"]
[Black "Altieri, Danilo Mario"]
[Result "0-1"]
[WhiteElo "1795"]
[BlackElo "1977"]
[PlyCount "67"]
[EventDate "2011.04.15"]

1. e4 d5 2. exd5 Nf6 3. d4 Nxd5 4. c4 Nb4 5. Qa4+ N8c6 6. a3 b5 7. cxb5 Qxd4 8.
axb4 Nxb4 9. Qd1 Qe4+ 10. Be2 Nc2+ 11. Kf1 Nxa1 12. Bf3 Qc4+ 13. Ne2 Qxb5 14.
Nbc3 Qa6 15. Bxa8 c6 16. Qa4 Qxa4 17. Nxa4 Bd7 18. Bb7 e5 19. Ba6 Be7 20. Nac3
O-O 21. Bc4 Rb8 22. g3 Bh3+ 23. Ke1 e4 24. Nxe4 Bg2 25. Rg1 Bxe4 26. Kd2 Nb3+
27. Bxb3 Rxb3 28. Nc3 Bf5 29. Re1 Be6 30. Kc2 Rb8 31. Bf4 Rd8 32. Bc7 Rd7 33.
Bf4 h6 34. Bd2 0-1

[Event "C.to Regionale Liguria"]
[Site "Spotorno ITA"]
[Date "2011.04.15"]
[Round "1"]
[White "Carzolio, Luigi"]
[Black "Cotugno, Michele"]
[Result "1-0"]
[WhiteElo "1919"]
[BlackElo "1740"]
[PlyCount "79"]
[EventDate "2011.04.15"]

1. f4 d5 2. Nf3 Nc6 3. e3 Nf6 4. Bb5 Bd7 5. O-O e6 6. b3 Be7 7. Bb2 O-O 8. Bxc6
bxc6 9. Ne5 c5 10. d3 Be8 11. Nd2 a5 12. a4 Qd6 13. Qe2 Bc6 14. e4 dxe4 15.
dxe4 Bb7 16. Rad1 Qa6 17. Nec4 Qc6 18. Rfe1 Rfd8 19. Bc3 Qa6 20. Bxa5 Rd4 21.
Bc3 Rad8 22. Bxd4 cxd4 23. Ne5 Qa5 24. Qb5 Qa7 25. Nd3 c6 26. Qg5 Nd5 27. Qg3
Nc3 28. Ra1 Ba6 29. Qf2 c5 30. Ne5 Qb6 31. Qf3 d3 32. a5 Qb4 33. Nc6 Qb7 34.
Nxd8 Bxd8 35. cxd3 Qb5 36. e5 Qb4 37. Qa8 Qd4+ 38. Kh1 Bxd3 39. Nf3 Qd7 40. a6
1-0

[Event "C.to Regionale Liguria"]
[Site "Spotorno ITA"]
[Date "2011.04.15"]
[Round "1"]
[White "Castellano, Adriano"]
[Black "Ciccarelli, Marco"]
[Result "0-1"]
[WhiteElo "1644"]
[BlackElo "1883"]
[PlyCount "78"]
[EventDate "2011.04.15"]

1. e4 c5 2. Nf3 d6 3. d4 cxd4 4. Nxd4 Nf6 5. Nc3 a6 6. Be2 e6 7. f4 Qc7 8. Be3
Be7 9. O-O O-O 10. a3 Nc6 11. Bf2 Nxd4 12. Qxd4 e5 13. fxe5 dxe5 14. Qd3 Rd8
15. Qe3 Be6 16. Rad1 b5 17. Qb6 Qxb6 18. Bxb6 Rdc8 19. h3 Bc5+ 20. Bxc5 Rxc5
21. Rd2 Rac8 22. Rfd1 Kf8 23. Rd8+ Ke7 24. Rxc8 Rxc8 25. Bf3 Nd7 26. Rd2 Nb6
27. Nd5+ Bxd5 28. exd5 Nc4 29. Re2 Kd6 30. c3 f5 31. g4 e4 32. Bg2 g6 33. gxf5
gxf5 34. Rf2 Rg8 35. Rxf5 Rxg2+ 36. Kxg2 Ne3+ 37. Kf2 Nxf5 38. b3 Kxd5 39. a4
bxa4 0-1

[Event "C.to Regionale Liguria"]
[Site "Spotorno ITA"]
[Date "2011.04.15"]
[Round "1"]
[White "Pedemonte, Claudio"]
[Black "Platino, Maurizio"]
[Result "1/2-1/2"]
[WhiteElo "1708"]
[BlackElo "1902"]
[PlyCount "63"]
[EventDate "2011.04.15"]

1. c4 e5 2. e4 Nc6 3. g3 Nf6 4. Bg2 Bc5 5. h3 O-O 6. Ne2 d6 7. O-O Be6 8. d3 h6
9. Nbc3 Nd4 10. Nxd4 Bxd4 11. Bd2 c6 12. Ne2 Bb6 13. Qc2 Nh7 14. Kh2 f5 15. f4
Qd7 16. Bc3 fxe4 17. dxe4 Bxc4 18. fxe5 Bxe2 19. Qxe2 dxe5 20. Bxe5 Qe6 21. Bc3
Rxf1 22. Rxf1 Rf8 23. Rxf8+ Nxf8 24. h4 Qxa2 25. e5 Qe6 26. Bh3 Qe7 27. Qc4+
Kh8 28. e6 Bc7 29. Qg4 Kg8 30. Bd2 Kh8 31. Bc3 Kg8 32. Bd2 1/2-1/2

[Event "C.to Regionale Liguria"]
[Site "Spotorno ITA"]
[Date "2011.04.15"]
[Round "1"]
[White "Pesce, Gabriele"]
[Black "Nikolajevic, Tihomir"]
[Result "1-0"]
[WhiteElo "2185"]
[BlackElo "1869"]
[PlyCount "87"]
[EventDate "2011.04.15"]

1. e4 d6 2. d4 Nf6 3. Nc3 g6 4. Nf3 Bg7 5. h3 c6 6. Be3 Nbd7 7. Qd2 Qa5 8.
O-O-O b5 9. e5 b4 10. exf6 bxc3 11. fxg7 cxd2+ 12. Bxd2 Qxd2+ 13. Nxd2 Rg8 14.
Be2 Rxg7 15. Bf3 d5 16. Rhe1 Rb8 17. Re3 Kd8 18. Nb3 e6 19. Kb1 Kc7 20. c4 Kd6
21. cxd5 cxd5 22. Rc1 Rg8 23. Rec3 Bb7 24. Na5 Ba8 25. Rc7 a6 26. Be2 Rb6 27.
Ra7 Rgb8 28. b3 Bb7 29. Kb2 e5 30. dxe5+ Nxe5 31. Rd1 Ke6 32. Nxb7 R6xb7 33.
Rxa6+ Rb6 34. Rxb6+ Rxb6 35. a4 Nc4+ 36. Ka2 Na5 37. Bf3 Rd6 38. b4 Nc4 39. Kb3
Ne5 40. b5 Nc4 41. Kb4 Nb6 42. a5 Nc8 43. Kc5 d4 44. b6 1-0

[Event "C.to Regionale Liguria"]
[Site "Spotorno ITA"]
[Date "2011.04.15"]
[Round "1"]
[White "Pesce, Leandro"]
[Black "Ivaldo, Fabrizio"]
[Result "0-1"]
[WhiteElo "1792"]
[BlackElo "1924"]
[PlyCount "53"]
[EventDate "2011.04.15"]

1. e4 e6 2. d4 d5 3. Nd2 Nf6 4. e5 Nfd7 5. Bd3 c5 6. c3 Nc6 7. Ne2 Qb6 8. Nf3
f6 9. exf6 Nxf6 10. O-O cxd4 11. cxd4 Bd6 12. b3 O-O 13. Bb2 Bd7 14. Rc1 Rae8
15. a3 Bb8 16. Re1 Ng4 17. Ng3 e5 18. Bf1 e4 19. h3 Nxf2 20. Kxf2 e3+ 21. Kg1
Bxg3 22. Re2 Bxh3 23. Qd3 Bf5 24. Qc3 Bf2+ 25. Rxf2 exf2+ 26. Kxf2 Bg4 27. Rd1
0-1

[Event "C.to Regionale Liguria"]
[Site "Spotorno ITA"]
[Date "2011.04.15"]
[Round "1"]
[White "Rostolis, Riccardo"]
[Black "Giostra, Lorenzo"]
[Result "1-0"]
[WhiteElo "1886"]
[BlackElo "1670"]
[PlyCount "73"]
[EventDate "2011.04.15"]

1. e4 c6 2. d4 d5 3. Nc3 dxe4 4. Bc4 Nf6 5. f3 exf3 6. Nxf3 Bg4 7. Bxf7+ Kxf7
8. Ne5+ Ke8 9. Nxg4 Nbd7 10. Qe2 Qb6 11. Nxf6+ Nxf6 12. Rf1 Kd8 13. Bd2 Rc8 14.
O-O-O g6 15. d5 cxd5 16. Rxf6 Qxf6 17. Nxd5 Qf5 18. Bc3 Ke8 19. Qb5+ Rc6 20.
Nc7+ Kf7 21. Rf1 Bh6+ 22. Kb1 Bf4 23. Qb3+ e6 24. Bxh8 Rxc7 25. g3 Rd7 26. gxf4
Qg4 27. a3 Qg2 28. Re1 Re7 29. Qc3 Qxh2 30. Qg7+ Ke8 31. Qg8+ Kd7 32. Rd1+ Kc6
33. Qc8+ Kb5 34. a4+ Kxa4 35. Qc4+ Ka5 36. Bc3+ Kb6 37. Rd6# 1-0

[Event "C.to Regionale Liguria"]
[Site "Spotorno ITA"]
[Date "2011.04.15"]
[Round "1"]
[White "Roversi, Stefano"]
[Black "Ranieri, Fabrizio"]
[Result "0-1"]
[WhiteElo "1879"]
[BlackElo "2283"]
[PlyCount "40"]
[EventDate "2011.04.15"]

1. e4 e6 2. d3 d5 3. Nd2 c5 4. Ngf3 Nc6 5. g3 Nf6 6. Bg2 Be7 7. O-O b6 8. Re1
Bb7 9. exd5 exd5 10. Nf1 O-O 11. Nh4 Qd7 12. Ne3 g6 13. Qe2 Rfe8 14. Qf1 d4 15.
Bh3 Qd8 16. Nc4 b5 17. Ne5 Nxe5 18. Rxe5 Nd7 19. Bxd7 Qxd7 20. Bh6 Bxh4 0-1

[Event "C.to Regionale Liguria"]
[Site "Spotorno ITA"]
[Date "2011.04.15"]
[Round "1"]
[White "Traverso, Massimiliano"]
[Black "Pozzobon, Davide"]
[Result "1/2-1/2"]
[WhiteElo "1945"]
[BlackElo "1795"]
[PlyCount "71"]
[EventDate "2011.04.15"]

1. e4 c5 2. Nf3 d6 3. d4 cxd4 4. Nxd4 Nf6 5. Nc3 g6 6. f4 Nc6 7. Nxc6 bxc6 8.
e5 Nd7 9. exd6 exd6 10. Qd4 Qf6 11. Be3 Bg7 12. O-O-O Qxd4 13. Bxd4 Bxd4 14.
Rxd4 d5 15. Be2 O-O 16. Bf3 Re8 17. g4 Re3 18. Rd3 Rxd3 19. cxd3 Ba6 20. d4 Re8
21. Kd2 Nf8 22. f5 Bc8 23. Rf1 g5 24. Na4 Nd7 25. Rc1 Bb7 26. Rc3 Kf8 27. Nc5
Nxc5 28. Rxc5 Rb8 29. b4 a6 30. a4 Ke7 31. b5 axb5 32. axb5 Kd6 33. Be2 f6 34.
Bd3 Ba8 35. Kc3 Kc7 36. Kd2 1/2-1/2

[Event "C.to Regionale Liguria"]
[Site "Spotorno ITA"]
[Date "2011.04.16"]
[Round "2"]
[White "Altieri, Danilo Mario"]
[Black "Rostolis, Riccardo"]
[Result "0-1"]
[WhiteElo "1977"]
[BlackElo "1886"]
[PlyCount "106"]
[EventDate "2011.04.15"]

1. Nf3 Nf6 2. g3 g6 3. Bg2 Bg7 4. O-O d6 5. d3 O-O 6. e4 Nc6 7. c3 e5 8. Nbd2
Nh5 9. h3 f5 10. exf5 gxf5 11. Nxe5 dxe5 12. Qxh5 Qxd3 13. Nb3 Qd8 14. Bg5 Qe8
15. Qh4 Qg6 16. Nc5 h6 17. Qc4+ Kh8 18. Bh4 e4 19. f3 Ne5 20. Qe2 b6 21. fxe4
bxc5 22. exf5 Bxf5 23. Bxa8 Rxa8 24. Qg2 Be4 25. Qe2 Re8 26. Rf4 Bb7 27. Qf1
Qc6 28. Kh2 Nf3+ 29. Rxf3 Qxf3 30. Qxf3 Bxf3 31. Rb1 Re2+ 32. Kg1 Rg2+ 33. Kf1
Rh2 34. Re1 Rh1+ 35. Kf2 Rxe1 36. Kxe1 Bg2 37. Bd8 Be5 38. Be7 Bd6 39. Bf6+ Kh7
40. Bh4 Kg7 41. Ke2 Kf7 42. Kd3 Be7 43. Kc4 Bxh4 44. gxh4 Ke7 45. Kxc5 Kd7 46.
Kb5 Kc8 47. Ka6 Kb8 48. c4 Bxh3 49. c5 Bf1+ 50. Ka5 Kb7 51. b4 a6 52. a4 Kc6
53. h5 Be2 0-1

[Event "C.to Regionale Liguria"]
[Site "Spotorno ITA"]
[Date "2011.04.16"]
[Round "2"]
[White "Benvenuti, Cristian"]
[Black "Pesce, Leandro"]
[Result "1/2-1/2"]
[WhiteElo "1353"]
[BlackElo "1792"]
[PlyCount "40"]
[EventDate "2011.04.15"]

1. e4 c5 2. Nc3 d6 3. Nf3 Nc6 4. d3 e6 5. Be3 Be7 6. Qd2 a6 7. O-O-O b5 8. d4
cxd4 9. Nxd4 Bd7 10. f4 Nf6 11. Qd3 O-O 12. Nxc6 Bxc6 13. e5 dxe5 14. fxe5 Qxd3
15. Rxd3 Nd5 16. Nxd5 Bxd5 17. Kb1 Rac8 18. Rd2 Rfd8 19. Bd3 h6 20. Rf1 Bc4
1/2-1/2

[Event "C.to Regionale Liguria"]
[Site "Spotorno ITA"]
[Date "2011.04.16"]
[Round "2"]
[White "Ciccarelli, Marco"]
[Black "Pesce, Gabriele"]
[Result "1/2-1/2"]
[WhiteElo "1883"]
[BlackElo "2185"]
[PlyCount "52"]
[EventDate "2011.04.15"]

1. e4 c5 2. Nf3 Nc6 3. d4 cxd4 4. Nxd4 Qc7 5. Nc3 e6 6. Be2 a6 7. O-O b5 8. Bf3
Bb7 9. Nxc6 dxc6 10. Bg5 Bd6 11. g3 Nf6 12. Re1 h5 13. Qe2 Be5 14. Rad1 h4 15.
Nd5 cxd5 16. exd5 hxg3 17. hxg3 Bxb2 18. dxe6 O-O 19. Bxf6 Bxf6 20. Rd7 Bxf3
21. Qxf3 Qc8 22. Qd5 g6 23. Rxf7 Qc4 24. Qd7 Rad8 25. Rxf8+ Rxf8 26. e7 Bxe7
1/2-1/2

[Event "C.to Regionale Liguria"]
[Site "Spotorno ITA"]
[Date "2011.04.16"]
[Round "2"]
[White "Cotugno, Michele"]
[Black "Roversi, Stefano"]
[Result "0-1"]
[WhiteElo "1740"]
[BlackElo "1879"]
[PlyCount "76"]
[EventDate "2011.04.15"]

1. d4 Nf6 2. c4 g6 3. Nc3 Bg7 4. e4 d6 5. Nf3 O-O 6. Bd3 c5 7. d5 Bg4 8. O-O
Nbd7 9. h3 Bxf3 10. Qxf3 Ne5 11. Qe2 Nxd3 12. Qxd3 Nd7 13. Bf4 f5 14. Qd2 Ne5
15. Bxe5 Bxe5 16. Rae1 f4 17. f3 Bd4+ 18. Kh1 Qa5 19. Re2 a6 20. Qc2 b5 21.
cxb5 axb5 22. a3 b4 23. axb4 cxb4 24. Nd1 Rfc8 25. Qd3 Be5 26. Rc2 Rxc2 27.
Qxc2 Qa6 28. Re1 Rc8 29. Qb1 Qc4 30. Nf2 b3 31. Nd3 Qd4 32. Rc1 Rxc1+ 33. Nxc1
Qd1+ 34. Kh2 Bd4 35. h4 Qg1+ 36. Kh3 Qh1+ 37. Kg4 Be3 38. Kg5 Kg7 0-1

[Event "C.to Regionale Liguria"]
[Site "Spotorno ITA"]
[Date "2011.04.16"]
[Round "2"]
[White "Giostra, Lorenzo"]
[Black "Atteo, Domenico"]
[Result "1/2-1/2"]
[WhiteElo "1670"]
[BlackElo "1795"]
[PlyCount "43"]
[EventDate "2011.04.15"]

1. d4 Nf6 2. c4 e6 3. Nc3 Bb4 4. Bd2 O-O 5. e3 d5 6. Nf3 c5 7. a3 Bxc3 8. Bxc3
Ne4 9. Qc2 Nxc3 10. Qxc3 cxd4 11. Nxd4 Nc6 12. Rd1 Qf6 13. Nb5 Qxc3+ 14. Nxc3
dxc4 15. Bxc4 a6 16. Be2 e5 17. Bf3 Na5 18. Bd5 Rb8 19. b4 Nc6 20. O-O Bd7 21.
Bb3 Rfd8 22. Ne4 1/2-1/2

[Event "C.to Regionale Liguria"]
[Site "Spotorno ITA"]
[Date "2011.04.16"]
[Round "2"]
[White "Ivaldo, Fabrizio"]
[Black "Pagliari, Lino"]
[Result "1-0"]
[WhiteElo "1924"]
[BlackElo "1431"]
[PlyCount "45"]
[EventDate "2011.04.15"]

1. e4 e5 2. Nf3 d6 3. d4 Bg4 4. dxe5 Bxf3 5. Qxf3 dxe5 6. Bc4 Qd7 7. O-O Bc5 8.
Rd1 Qe7 9. Nc3 c6 10. Bxf7+ Qxf7 11. Rd8+ Kxd8 12. Qxf7 Nh6 13. Bg5+ Kc8 14.
Qxg7 Rg8 15. Qxh6 Rf8 16. Qe6+ Nd7 17. Rd1 Bxf2+ 18. Kh1 Bd4 19. Ne2 c5 20. c3
Kc7 21. cxd4 cxd4 22. Rc1+ Kb8 23. Qd6# 1-0

[Event "C.to Regionale Liguria"]
[Site "Spotorno ITA"]
[Date "2011.04.16"]
[Round "2"]
[White "Nikolajevic, Tihomir"]
[Black "Castellano, Adriano"]
[Result "1-0"]
[WhiteElo "1869"]
[BlackElo "1644"]
[PlyCount "73"]
[EventDate "2011.04.15"]

1. Nf3 Nf6 2. g3 d5 3. Bg2 e6 4. O-O Be7 5. c4 Nbd7 6. b3 b6 7. Bb2 Bb7 8. d3
Rb8 9. Nbd2 c5 10. e3 O-O 11. Rc1 Bd6 12. Rc2 h6 13. Qa1 Re8 14. d4 Re7 15. Ne5
Bxe5 16. dxe5 Nh7 17. Rd1 Ng5 18. f4 Ne4 19. Nxe4 dxe4 20. Rcd2 Qe8 21. Qb1 f5
22. exf6 Nxf6 23. Bxf6 gxf6 24. Bxe4 f5 25. Bxb7 Rexb7 26. Qd3 Kf7 27. Qd6 Rc8
28. a4 Rc6 29. Qe5 Rc8 30. Rd6 Rbc7 31. e4 Re7 32. exf5 exf5 33. Qxf5+ Kg8 34.
Rg6+ Rg7 35. Rxg7+ Kxg7 36. Rd7+ Kg8 37. Qh7+ 1-0

[Event "C.to Regionale Liguria"]
[Site "Spotorno ITA"]
[Date "2011.04.16"]
[Round "2"]
[White "Platino, Maurizio"]
[Black "Traverso, Massimiliano"]
[Result "0-1"]
[WhiteElo "1902"]
[BlackElo "1945"]
[PlyCount "110"]
[EventDate "2011.04.15"]

1. d4 Nf6 2. c4 e6 3. Nc3 Bb4 4. Qc2 Nc6 5. Nf3 d6 6. a3 Bxc3+ 7. Qxc3 Qe7 8.
Bg5 h6 9. Bxf6 Qxf6 10. e3 O-O 11. Be2 e5 12. d5 Ne7 13. e4 Qg6 14. Qe3 f5 15.
exf5 Nxf5 16. Qe4 Ne7 17. Qxg6 Nxg6 18. O-O Nf4 19. Bd1 Bf5 20. Ne1 a5 21. b3
Rf6 22. Rc1 b6 23. Rc3 Rg6 24. Rg3 Rf6 25. Re3 g5 26. g4 Bg6 27. h3 Kg7 28. Rg3
b5 29. cxb5 Nxd5 30. Bf3 e4 31. Bg2 Nf4 32. Re3 d5 33. Nc2 Ne6 34. Rd1 Rd8 35.
a4 d4 36. Ree1 d3 37. Ne3 Nd4 38. Nf5+ Nxf5 39. gxf5 Bxf5 40. Bxe4 d2 41. Re2
Bxe4 42. Rxe4 Rd7 43. h4 Rf3 44. hxg5 hxg5 45. Re3 Rxe3 46. fxe3 g4 47. Kf2 Kf6
48. Kg3 Kg5 49. Kg2 Kh4 50. Rh1+ Kg5 51. Rd1 Kf5 52. Kf2 Ke4 53. Ke2 Rd3 54.
Kf2 g3+ 55. Kxg3 Kxe3 0-1

[Event "C.to Regionale Liguria"]
[Site "Spotorno ITA"]
[Date "2011.04.16"]
[Round "2"]
[White "Pozzobon, Davide"]
[Black "Pedemonte, Claudio"]
[Result "1-0"]
[WhiteElo "1795"]
[BlackElo "1708"]
[PlyCount "107"]
[EventDate "2011.04.15"]

1. e4 d6 2. d4 Nf6 3. Nc3 g6 4. Bg5 Bg7 5. Qd2 O-O 6. Bc4 Nxe4 7. Bxf7+ Rxf7 8.
Nxe4 Nc6 9. c3 Qf8 10. Nf3 e5 11. d5 Ne7 12. c4 Nf5 13. Qd3 Nd4 14. Nxd4 exd4
15. O-O Bf5 16. Rae1 Re8 17. Re2 Be5 18. Rfe1 h6 19. Bh4 Kh7 20. Qd2 g5 21.
Bxg5 Bxe4 22. Rxe4 hxg5 23. Qxg5 Rg7 24. Qh4+ Kg8 25. f4 Bf6 26. Qh5 Rge7 27.
Re6 Kg7 28. R1e2 Qf7 29. Qxf7+ Kxf7 30. Rxe7+ Rxe7 31. Rxe7+ Kxe7 32. Kf2 Kf7
33. g4 Kg6 34. Ke2 c6 35. Kd3 cxd5 36. cxd5 b5 37. b3 a6 38. h3 Bh4 39. Ke4 Bf6
40. Kd3 Bh8 41. h4 Bf6 42. h5+ Kg7 43. g5 Bd8 44. Kxd4 Ba5 45. Ke4 Bd2 46. Kf5
Bc1 47. Kg4 Kh7 48. f5 Kg7 49. f6+ Kf7 50. Kf5 Bd2 51. g6+ Kg8 52. Ke6 Bf4 53.
g7 Kh7 54. Kf7 1-0

[Event "C.to Regionale Liguria"]
[Site "Spotorno ITA"]
[Date "2011.04.16"]
[Round "2"]
[White "Ranieri, Fabrizio"]
[Black "Carzolio, Luigi"]
[Result "1-0"]
[WhiteElo "2283"]
[BlackElo "1919"]
[PlyCount "93"]
[EventDate "2011.04.15"]

1. e4 g6 2. d4 Bg7 3. Nc3 c5 4. Nf3 cxd4 5. Nxd4 Nc6 6. Be3 Nf6 7. Bc4 O-O 8.
O-O Nxe4 9. Nxe4 d5 10. Nxc6 bxc6 11. Bd3 dxe4 12. Bxe4 Qc7 13. Rb1 f5 14. Bf3
Be6 15. b3 Bf7 16. Qe2 a5 17. Bc5 Rfe8 18. Rfd1 e5 19. Qe3 e4 20. Bd6 Qa7 21.
Qxa7 Rxa7 22. Bc5 Raa8 23. Be2 Be5 24. Rd7 Red8 25. Rbd1 Rxd7 26. Rxd7 a4 27.
Ra7 Rxa7 28. Bxa7 axb3 29. cxb3 Kf8 30. Bc5+ Ke8 31. g3 Kd7 32. f3 exf3 33.
Bxf3 Bd6 34. Bxd6 Kxd6 35. Kf2 Kc5 36. Ke3 g5 37. Kd3 Be6 38. Kc3 Bd7 39. a4
Kb6 40. Kd4 c5+ 41. Ke5 c4 42. bxc4 f4 43. Kd6 Bxa4 44. c5+ Ka7 45. g4 Kb8 46.
Be4 Bd1 47. Bf5 1-0

[Event "C.to Regionale Liguria"]
[Site "Spotorno ITA"]
[Date "2011.04.16"]
[Round "3"]
[White "Atteo, Domenico"]
[Black "Benvenuti, Cristian"]
[Result "1-0"]
[WhiteElo "1795"]
[BlackElo "1353"]
[PlyCount "65"]
[EventDate "2011.04.15"]

1. e4 e5 2. Nf3 Nc6 3. Bb5 Nf6 4. O-O Nxe4 5. Bxc6 bxc6 6. Qe2 d5 7. Nxe5 Qf6
8. d4 c5 9. f3 Ba6 10. c4 cxd4 11. Ng4 Qg6 12. Re1 Bc5 13. Qd1 Bxc4 14. fxe4
dxe4 15. Ne5 d3+ 16. Be3 Qe6 17. Qa4+ c6 18. Nxc4 Bxe3+ 19. Rxe3 O-O 20. Nbd2
f5 21. Na5 c5 22. Qb3 Qxb3 23. Naxb3 Rac8 24. Rc1 c4 25. Rxc4 Rxc4 26. Nxc4 Re8
27. Ncd2 g5 28. g4 fxg4 29. Rxe4 Rf8 30. Rxg4 Rf5 31. h4 h6 32. hxg5 hxg5 33.
Rd4 1-0

[Event "C.to Regionale Liguria"]
[Site "Spotorno ITA"]
[Date "2011.04.16"]
[Round "3"]
[White "Carzolio, Luigi"]
[Black "Pozzobon, Davide"]
[Result "1-0"]
[WhiteElo "1919"]
[BlackElo "1795"]
[PlyCount "43"]
[EventDate "2011.04.15"]

1. f4 e5 2. fxe5 d6 3. exd6 Bxd6 4. Nf3 g5 5. g3 g4 6. Nh4 Ne7 7. d4 Ng6 8.
Nxg6 hxg6 9. Qd3 Bf5 10. e4 Qe7 11. Bg2 Nc6 12. c3 O-O-O 13. Bf4 Bc5 14. Nd2
Nxd4 15. cxd4 Bxd4 16. Qc2 g5 17. Qxc7+ Qxc7 18. Bxc7 Kxc7 19. exf5 Rhe8+ 20.
Ne4 Rxe4+ 21. Bxe4 Re8 22. Kd2 1-0

[Event "C.to Regionale Liguria"]
[Site "Spotorno ITA"]
[Date "2011.04.16"]
[Round "3"]
[White "Castellano, Adriano"]
[Black "Cotugno, Michele"]
[Result "0-1"]
[WhiteElo "1644"]
[BlackElo "1740"]
[PlyCount "56"]
[EventDate "2011.04.15"]

1. e4 c5 2. Nf3 d6 3. d4 cxd4 4. Nxd4 Nf6 5. Nc3 g6 6. g3 Bg7 7. Bg2 O-O 8. O-O
Nc6 9. Bf4 Nxd4 10. Qxd4 e5 11. Bxe5 dxe5 12. Qxe5 Re8 13. Qf4 Qa5 14. Rad1 Nh5
15. Qe3 Be6 16. a3 Bxc3 17. Qxc3 Qxc3 18. bxc3 Rac8 19. e5 b6 20. Rd3 Bc4 21.
Bh3 Rc5 22. Bd7 Rexe5 23. Rfd1 Bxd3 24. cxd3 Rxc3 25. a4 Rc2 26. Bb5 Ree2 27.
Rf1 Nf6 28. d4 Red2 0-1

[Event "C.to Regionale Liguria"]
[Site "Spotorno ITA"]
[Date "2011.04.16"]
[Round "3"]
[White "Pagliari, Lino"]
[Black "Altieri, Danilo Mario"]
[Result "0-1"]
[WhiteElo "1431"]
[BlackElo "1977"]
[PlyCount "70"]
[EventDate "2011.04.15"]

1. e4 d5 2. Nc3 d4 3. Na4 e5 4. Nf3 Bd6 5. c3 c5 6. Bc4 a6 7. b3 b5 8. Bd5 Ra7
9. Nb2 Nf6 10. c4 Nxd5 11. cxd5 O-O 12. O-O f5 13. d3 fxe4 14. dxe4 Bg4 15. Bg5
Be7 16. Bxe7 Rxe7 17. Nd3 Bxf3 18. Qxf3 Rxf3 19. gxf3 c4 20. Nc5 Qf8 21. d6 Rf7
22. Ne6 Qxd6 23. Ng5 Qg6 24. h4 h6 25. Kh1 hxg5 26. Rg1 Qh5 27. Rg4 Rxf3 28.
Kg2 Qxg4+ 29. Kf1 d3 30. bxc4 Qh3+ 31. Kg1 bxc4 32. Rd1 Qxh4 33. Rd2 c3 34. Rd1
Qxf2+ 35. Kh1 Rh3# 0-1

[Event "C.to Regionale Liguria"]
[Site "Spotorno ITA"]
[Date "2011.04.16"]
[Round "3"]
[White "Pedemonte, Claudio"]
[Black "Giostra, Lorenzo"]
[Result "1-0"]
[WhiteElo "1708"]
[BlackElo "1670"]
[PlyCount "165"]
[EventDate "2011.04.15"]

1. c4 e6 2. d4 d5 3. e3 c5 4. Nf3 Nf6 5. cxd5 exd5 6. Be2 Nc6 7. O-O Be7 8. Nc3
O-O 9. b3 Bf5 10. Bb2 Rc8 11. dxc5 Bxc5 12. Rc1 Be7 13. Qd2 Ne4 14. Nxe4 Bxe4
15. Nd4 Bf6 16. Nxc6 bxc6 17. Ba3 Be7 18. Bc5 Bxc5 19. Rxc5 Qg5 20. f3 Bf5 21.
f4 Qe7 22. Rfc1 Bd7 23. Bf3 Rfe8 24. R5c3 Qb4 25. Qd4 Qxd4 26. exd4 Kf8 27. Kf2
Rb8 28. a3 f6 29. b4 g6 30. Rc5 Rb6 31. g4 Ra6 32. R5c3 Rb6 33. h4 Kf7 34. g5
f5 35. h5 Reb8 36. Rh1 Rh8 37. Bg2 h6 38. hxg6+ Kxg6 39. Rch3 h5 40. Bf3 a5 41.
Bxh5+ Kg7 42. Rb3 axb4 43. Rxb4 Rxb4 44. axb4 Rb8 45. Rb1 Rh8 46. Bf3 Rh4 47.
Ke3 Rh8 48. Ra1 Kf7 49. Rh1 Re8+ 50. Kd3 Kg8 51. Rh6 Re7 52. Rh1 Be8 53. Ra1
Kg7 54. Ra6 Rb7 55. Kc3 Re7 56. Kd3 Rb7 57. Ra8 Bf7 58. Ra4 Be6 59. Bg2 Kg6 60.
Ra8 Bd7 61. Kc3 Be6 62. Ra6 Rc7 63. Kb3 Kf7 64. Ra1 Rb7 65. Ra8 Bd7 66. Rh8 Kg7
67. Rh3 Be8 68. Re3 Kf8 69. Re5 Rf7 70. Bf3 Bd7 71. Re1 Kg7 72. Bh5 Rf8 73.
Re7+ Kg8 74. Rxd7 Ra8 75. Rd6 Ra1 76. Rxc6 Rf1 77. b5 Rxf4 78. b6 Rf1 79. Kb2
Rf2+ 80. Rc2 Rf4 81. b7 Rxd4 82. b8=Q+ Kg7 83. Rc7# 1-0

[Event "C.to Regionale Liguria"]
[Site "Spotorno ITA"]
[Date "2011.04.16"]
[Round "3"]
[White "Pesce, Gabriele"]
[Black "Ivaldo, Fabrizio"]
[Result "1-0"]
[WhiteElo "2185"]
[BlackElo "1924"]
[PlyCount "43"]
[EventDate "2011.04.15"]

1. e4 e5 2. f4 d5 3. exd5 e4 4. d3 Nf6 5. dxe4 Nxe4 6. Nf3 Bc5 7. Qe2 Qe7 8.
Nc3 Bf5 9. Be3 Nxc3 10. Bxc5 Nxe2 11. Bxe7 Nxf4 12. Ba3 Nd7 13. O-O-O O-O-O 14.
d6 Nb6 15. Nd4 Bg4 16. g3 Nfd5 17. Rd2 Rhe8 18. Bg2 Ne3 19. dxc7 Rxd4 20. Rxd4
Nxg2 21. Rxg4 Nd5 22. Rxg7 1-0

[Event "C.to Regionale Liguria"]
[Site "Spotorno ITA"]
[Date "2011.04.16"]
[Round "3"]
[White "Pesce, Leandro"]
[Black "Platino, Maurizio"]
[Result "0-1"]
[WhiteElo "1792"]
[BlackElo "1902"]
[PlyCount "76"]
[EventDate "2011.04.15"]

1. e4 e6 2. d4 d5 3. Nd2 c5 4. exd5 Qxd5 5. Ngf3 cxd4 6. Bc4 Qd6 7. O-O Nf6 8.
Nb3 Nc6 9. Nbxd4 Nxd4 10. Nxd4 a6 11. Re1 Qc7 12. Qe2 Be7 13. Bb3 O-O 14. Nf3
h6 15. Ne5 Bd6 16. Bf4 b5 17. Bg3 Bb7 18. f3 Nh5 19. Bf2 Nf4 20. Qe3 Nd5 21.
Bxd5 Bxd5 22. c3 Rac8 23. Kh1 f6 24. Ng6 Rfe8 25. g3 Qb7 26. Kg1 Bxf3 27. Nh4
Bd5 28. Qb6 Qxb6 29. Bxb6 b4 30. Ba5 bxc3 31. Bxc3 Kf7 32. Ng2 Bc5+ 33. Ne3 e5
34. Kf1 Be6 35. b3 Red8 36. Ke2 Bxe3 37. Kxe3 Rxc3+ 38. Kf2 Rd2+ 0-1

[Event "C.to Regionale Liguria"]
[Site "Spotorno ITA"]
[Date "2011.04.16"]
[Round "3"]
[White "Rostolis, Riccardo"]
[Black "Ranieri, Fabrizio"]
[Result "0-1"]
[WhiteElo "1886"]
[BlackElo "2283"]
[PlyCount "58"]
[EventDate "2011.04.15"]

1. e4 e6 2. d4 d5 3. Nc3 Nf6 4. Bg5 Bb4 5. e5 h6 6. Bxf6 gxf6 7. exf6 Qxf6 8.
a3 Bxc3+ 9. bxc3 Nc6 10. Nf3 Bd7 11. Rb1 O-O-O 12. Qd3 Rde8 13. Be2 Rhg8 14.
O-O b6 15. Qa6+ Kd8 16. Rfd1 Bc8 17. Qa4 Bb7 18. c4 dxc4 19. Qxc4 Ne7 20. Rd3
Nd5 21. Bf1 Nf4 22. Rc3 Re7 23. Kh1 Rd7 24. Ne5 Rxg2 25. Bxg2 Bxg2+ 26. Kg1 Bd5
27. Nxd7 Qg5+ 28. Rg3 Nh3+ 29. Kf1 Bxc4+ 0-1

[Event "C.to Regionale Liguria"]
[Site "Spotorno ITA"]
[Date "2011.04.16"]
[Round "3"]
[White "Roversi, Stefano"]
[Black "Nikolajevic, Tihomir"]
[Result "1-0"]
[WhiteElo "1879"]
[BlackElo "1869"]
[PlyCount "89"]
[EventDate "2011.04.15"]

1. e4 d6 2. d4 Nf6 3. Nc3 g6 4. Nf3 Bg7 5. Bd3 Bg4 6. h3 Bxf3 7. Qxf3 c6 8. O-O
Nbd7 9. Re1 e5 10. d5 c5 11. Nb5 Qb8 12. Bd2 a6 13. Na3 b5 14. c4 b4 15. Nc2 a5
16. b3 O-O 17. a3 Qb7 18. axb4 axb4 19. Bg5 Rxa1 20. Rxa1 Ra8 21. Qd1 Ra6 22.
Rxa6 Qxa6 23. Qa1 Qxa1+ 24. Nxa1 h6 25. Be3 Nh5 26. g3 Nb6 27. Nc2 Nc8 28. Ne1
Ne7 29. Ng2 f5 30. exf5 gxf5 31. g4 fxg4 32. hxg4 Nf6 33. f3 Kf7 34. Nh4 e4 35.
Bxe4 Nxe4 36. fxe4 Kf6 37. Bf4 Nc8 38. Nf5 Bf8 39. Nxh6 Bxh6 40. Bxh6 Nb6 41.
Bf4 Ke7 42. g5 Nd7 43. Kg2 Nf8 44. Kf3 Ng6 45. Kg4 1-0

[Event "C.to Regionale Liguria"]
[Site "Spotorno ITA"]
[Date "2011.04.16"]
[Round "3"]
[White "Traverso, Massimiliano"]
[Black "Ciccarelli, Marco"]
[Result "1-0"]
[WhiteElo "1945"]
[BlackElo "1883"]
[PlyCount "57"]
[EventDate "2011.04.15"]

1. e4 c5 2. Nf3 d6 3. d4 cxd4 4. Nxd4 Nf6 5. Nc3 a6 6. f4 e6 7. Be2 Qc7 8. O-O
Be7 9. Be3 Nc6 10. Qe1 O-O 11. Qg3 Re8 12. f5 Nxd4 13. Bxd4 e5 14. Be3 b5 15.
Bh6 Bf8 16. Bg5 b4 17. Bxf6 bxc3 18. Bxg7 f6 19. Bxf6+ Bg7 20. Qxg7+ Qxg7 21.
Bxg7 Kxg7 22. bxc3 Bb7 23. Bd3 Kf6 24. c4 Rg8 25. Rab1 Rg7 26. Rb6 Rag8 27. g3
h5 28. Rxd6+ Ke7 29. Rh6 1-0